El vampiro de la calle de Claudio Coello (Registro nro. 94757)
[ vista simple ]
| 000 -LEADER | |
|---|---|
| campo de control de longitud fija | 00736nam a2200205 i 4500 |
| 001 - NÚMERO DE CONTROL | |
| campo de control | 94757 |
| 003 - IDENTIFICADOR DE NÚMERO DE CONTROL | |
| campo de control | ES-MaACL |
| 005 - FECHA Y HORA DE LA ÚLTIMA TRANSACCIÓN | |
| campo de control | 20231227180514.0 |
| 007 - CAMPO FIJO DE DESCRIPCIÓN FÍSICA--INFORMACIÓN GENERAL | |
| campo de control de longitud fija | t| |
| 008 - DATOS DE LONGITUD FIJA--INFORMACIÓN GENERAL | |
| campo de control de longitud fija | 050513s1949 sp |||| | spa d |
| 100 1# - ENTRADA PRINCIPAL--NOMBRE DE PERSONA | |
| Nombre de persona | Luca de Tena, Juan Ignacio, |
| Fechas asociadas al nombre | 1897-1975 |
| 9 (RLIN) | 74513 |
| 245 13 - MENCIÓN DEL TÍTULO | |
| Título | El vampiro de la calle de Claudio Coello |
| Resto del título | : farsa tragicómica en tres actos / |
| Mención de responsabilidad, etc. | Juan Ignacio Luca de Tena [y] Luis Escobar. |
| 260 ## - PUBLICACIÓN, DISTRIBUCIÓN, ETC. | |
| Lugar de publicación, distribución, etc. | Madrid : |
| Nombre del editor, distribuidor, etc. | [s.n.], |
| Fecha de publicación, distribución, etc. | 1949. |
| 300 ## - DESCRIPCIÓN FÍSICA | |
| Extensión | 191 p. ; |
| Dimensiones | 20 cm. |
| 594 ## - Nota al título y mención de responsabilidad | |
| Nota al título y mención de responsabilidad | Estrenada en el Teatro Alcázar el día 27 de abril de 1949. |
| 700 1# - ENTRADA AGREGADA--NOMBRE PERSONAL | |
| Nombre de persona | Escobar, Luis, |
| Fechas asociadas al nombre | 1908-1991 |
| 9 (RLIN) | 148292 |
| 700 1# - ENTRADA AGREGADA--NOMBRE PERSONAL | |
| Nombre de persona | Luca de Tena, Juan Ignacio, |
| Fechas asociadas al nombre | 1897-1975 |
| 9 (RLIN) | 74513 |
| 852 ## - LOCALIZACIÓN | |
| Ubicación | ES-MaACL |
| Número de control de estantería | B-12822 |
| Estatus retirado | Estado de pérdida | Estado de daño | No para préstamo | Biblioteca de origen | Biblioteca actual | Ubicación en estantería | Fecha de adquisición | Fuente de adquisición | Total de préstamos | Signatura topográfica completa | Código de barras | Visto por última vez | Precio de reemplazo | Tipo de ítem Koha |
|---|---|---|---|---|---|---|---|---|---|---|---|---|---|---|
| Biblioteca del Ateneo de Madrid | Biblioteca del Ateneo de Madrid | Sala Pardo Bazán | 17/01/2008 | B-12822 | 1098960 | 23/02/2023 | 23/02/2023 | Libro impreso |
